| 000 | 00426nas a22001817a 4500 | ||
|---|---|---|---|
| 003 | AR-RoIUNI | ||
| 005 | 20190625155945.0 | ||
| 008 | 190625b xxu||||| |||| 00| 0 spa d | ||
| 022 | _a0252-8185 | ||
| 040 | _cIUNIR | ||
| 080 | _a616-053 ANN | ||
| 245 | 1 | _aAnnales Nestlé | |
| 260 |
_aBasel _bKarger |
||
| 300 |
_av. _c28 cm. |
||
| 362 | _aBasado en Vol. 67, no. 3 (2009) | ||
| 650 | 1 | 0 |
_9125 _aPediatrĂa |
| 942 |
_2cdu _cCR |
||
| 999 |
_c4815 _d4815 |
||